[Event "World University-ch 12th"]
[Site "Guimaraes"]
[Date "2012.08.25"]
[Round "9"]
[White "Araya, Cristian"]
[Black "Chang Suarez, Andres Felipe"]
[Result "0-1"]
[WhiteElo "1868"]
[BlackElo "1988"]
[PlyCount "54"]
[EventDate "2012.08.20"]
[EventType "swiss"]
[EventRounds "9"]
[EventCountry "POR"]
[SourceTitle "CBM 150 Extra"]
[Source "ChessBase"]
[SourceDate "2012.10.19"]
[SourceVersion "1"]
[SourceVersionDate "2012.10.19"]
[SourceQuality "1"]

1. Nf3 d5 2. g3 c5 3. Bg2 Nc6 4. d4 Nf6 5. 0-0 e6 6. b3 Be7 7. Bb2 0-0 8. Nbd2 b5 9. e3 Qb6 10. c3 a5 11. Rb1 Ba6 12. Ne5 cxd4 13. Nxc6 Qxc6 14. cxd4 b4 15. Re1 Bd3 16. Rc1 Qb5 17. Bf1 Bxf1 18. Rxf1 a4 19. Rc2 a3 20. Ba1 Rac8 21. Nf3 Ne4 22. Ne5 f6 23. f3 Rxc2 24. Ng6 Rd2 25. Nxe7+ Kf7 26. Qe1 Kxe7 27. fxe4 Qe2 0-1

[Event "World University-ch 12th"]
[Site "Guimaraes"]
[Date "2012.08.21"]
[Round "3"]
[White "Goiriz, Yahari Damian"]
[Black "Araya, Cristian"]
[Result "1-0"]
[WhiteElo "2125"]
[BlackElo "1868"]
[PlyCount "97"]
[EventDate "2012.08.20"]
[EventType "swiss"]
[EventRounds "9"]
[EventCountry "POR"]
[SourceTitle "CBM 150 Extra"]
[Source "ChessBase"]
[SourceDate "2012.10.19"]
[SourceVersion "1"]
[SourceVersionDate "2012.10.19"]
[SourceQuality "1"]

1. d4 Nf6 2. c4 e6 3. Nc3 d5 4. Nf3 Be7 5. g3 0-0 6. Bg2 Nbd7 7. Ne5 c6 8. 0-0 Nxe5 9. dxe5 Nd7 10. cxd5 exd5 11. f4 g6 12. Be3 Nb6 13. Bf2 f6 14. e4 dxe4 15. Qb3+ Kg7 16. exf6+ Bxf6 17. Nxe4 Bd4 18. Rad1 Bxf2+ 19. Rxf2 Qe7 20. Qc3+ Kg8 21. Ng5 Bf5 22. Re1 Qf6 23. Qxf6 Rxf6 24. Re7 h6 25. Ne4 Re6 26. Rxe6 Bxe6 27. Nc5 Bxa2 28. Re2 Kf7 29. Nxb7 Bd5 30. Nd6+ Kf6 31. Rc2 Rd8 32. Bxd5 cxd5 33. Rc6 Kg7 34. Nb7 Rc8 35. Rxc8 Nxc8 36. Kf2 Nb6 37. b3 Kf6 38. Ke3 Kf5 39. Kd4 Kg4 40. Nc5 Kh3 41. Ke5 Kxh2 42. g4 Kg3 43. f5 gxf5 44. gxf5 h5 45. f6 h4 46. f7 h3 47. f8Q Kg2 48. Qg7+ Kf1 49. Qg3 1-0